000 00799nam a2200229Ia 4500
001 16656
003 GE_BSU
008 181216s||||||||xx |||||||||||||| ||und||
040 _cGE_BSU
080 _a821.353.1-32
100 _aლორია, პ.
245 _aბახვაძის დედაბერი; სტუმრობიადა
245 _bმოთხრობები
245 _cრედ. ნ. მალაზონია. მხ. შ.ზამთარაძე
260 _aბათუმი
260 _bსახელგამი
260 _c1959
300 _a40გვ. : ილ. ; 21სმ.
653 _aბახვაძის დედაბერი; სტუმრობიადა
653 _aმოთხრობები
942 _cBK
999 _c49722
_d49722